El Banco Mundial y la Tierra: ofensiva y resistencia en América Latina, Africa y Asia

Guardat en:
Dades bibliogràfiques
Autor principal: Dias Martins, Mônica
Format: Text
Publicat: San José: DEI
Matèries:
Etiquetes: Afegir etiqueta
Sense etiquetes, Sigues el primer a etiquetar aquest registre!

MARC

LEADER 00000 a a2200000 04500
001 39571
003
040
020 |a 9977-83-149-1  
090 |a 0001 D541b  
100 |a Dias Martins, Mônica  
245 |a El Banco Mundial y la Tierra: ofensiva y resistencia en América Latina, Africa y Asia  
260 |a San José:   |b DEI  
300 |a 310 p.  
650 |a REFORMA AGRARIA  
650 |a MOVIMIENTOS SOCIALES  
650 |a BRASIL  
999 |c 12246  |d 12246